[Event "RUS-ch Seniors"]
[Site "Odintsovo"]
[Date "2008.10.11"]
[Round "9"]
[White "Khropov, Boris"]
[Black "Gorshkov, Anatoly"]
[Result "1/2-1/2"]
[WhiteElo "2234"]
[BlackElo "2117"]
[PlyCount "54"]
[EventDate "2008.10.02"]
[EventType "swiss"]
[EventRounds "9"]
[EventCountry "RUS"]
[SourceTitle "CBM 127 Extra"]
[Source "ChessBase"]
[SourceDate "2009.01.08"]
[SourceVersion "2"]
[SourceVersionDate "2009.01.28"]
[SourceQuality "1"]

1. Nf3 c5 2. g3 b6 3. Bg2 Bb7 4. 0-0 Nf6 5. c4 e6 6. Nc3 Be7 7. e3 0-0 8. d4 d6 9. d5 exd5 10. cxd5 Ba6 11. Re1 b5 12. e4 b4 13. Nb1 Bb7 14. Nbd2 Na6 15. Nc4 Nc7 16. Na5 Rb8 17. Nxb7 Rxb7 18. Nd2 Nfe8 19. Nc4 Nb5 20. e5 g6 21. Be3 Ng7 22. exd6 Bxd6 23. Nxd6 Qxd6 24. Bf4 Qb6 25. d6 Nd4 26. Rc1 Rd7 27. Qd3 Ngf5 1/2-1/2

[Event "RUS-ch Seniors"]
[Site "Odintsovo"]
[Date "2008.10.09"]
[Round "7"]
[White "Petrushin, Alexander I"]
[Black "Khropov, Boris"]
[Result "1-0"]
[WhiteElo "2450"]
[BlackElo "2234"]
[PlyCount "71"]
[EventDate "2008.10.02"]
[EventType "swiss"]
[EventRounds "9"]
[EventCountry "RUS"]
[SourceTitle "CBM 127 Extra"]
[Source "ChessBase"]
[SourceDate "2009.01.08"]
[SourceVersion "2"]
[SourceVersionDate "2009.01.28"]
[SourceQuality "1"]

1. e4 d6 2. d4 g6 3. Nc3 Bg7 4. Be3 Nf6 5. f3 c6 6. Qd2 e5 7. Nge2 b5 8. dxe5 dxe5 9. Qxd8+ Kxd8 10. Nc1 Nbd7 11. Nb3 Bf8 12. a4 b4 13. Nb1 Ne8 14. N1d2 f5 15. 0-0-0 Kc7 16. Nc4 fxe4 17. fxe4 Nef6 18. Be2 Nxe4 19. Rhf1 Nd6 20. Rxf8 Rxf8 21. Nxd6 Nb6 22. Bf3 Be6 23. Nc5 Bd5 24. Nde4 Rae8 25. Na6+ Kb7 26. Nec5+ Kc8 27. Bg4+ Rf5 28. Nxb4 Bxg2 29. Rg1 Bf3 30. Bxf5+ gxf5 31. Rg7 Rd8 32. b3 Rd1+ 33. Kb2 f4 34. Bf2 Rd2 35. Nba6 h5 36. Bh4 1-0

[Event "RUS-ch Seniors"]
[Site "Odintsovo"]
[Date "2008.10.04"]
[Round "3"]
[White "Arzhenkov, Gennady"]
[Black "Khropov, Boris"]
[Result "1/2-1/2"]
[WhiteElo "2377"]
[BlackElo "2234"]
[PlyCount "103"]
[EventDate "2008.10.02"]
[EventType "swiss"]
[EventRounds "9"]
[EventCountry "RUS"]
[SourceTitle "CBM 127 Extra"]
[Source "ChessBase"]
[SourceDate "2009.01.08"]
[SourceVersion "2"]
[SourceVersionDate "2009.01.28"]
[SourceQuality "1"]

1. d4 Nf6 2. c4 c5 3. Nf3 g6 4. Nc3 cxd4 5. Nxd4 Bg7 6. e4 d6 7. Be2 0-0 8. Be3 Nc6 9. 0-0 Bd7 10. Rc1 a6 11. Nb3 Na5 12. c5 Nxb3 13. Qxb3 Bc6 14. cxd6 exd6 15. f3 Qe7 16. Rfd1 Rfe8 17. Bd4 Rac8 18. a4 Bh6 19. Rc2 Nh5 20. Bc4 Nf4 21. Bb6 Ne6 22. Re2 Nc5 23. Qa2 Nd7 24. Bf2 Ne5 25. Bd5 a5 26. Bg3 Qf6 27. Qb3 Bf8 28. Qb6 Ra8 29. Qf2 Qe7 30. f4 Ng4 31. Qf3 h5 32. h3 Nf6 33. Bh4 Nxd5 34. Bxe7 Nxc3 35. Qxc3 Bxe7 36. b3 Bf8 37. e5 dxe5 38. Rxe5 Red8 39. Rxd8 Rxd8 40. Qxa5 Rd4 41. f5 Bb4 42. Qa8+ Kg7 43. f6+ Kh7 44. Qc8 Rd1+ 45. Kf2 Rd6 46. g4 Rxf6+ 47. Ke3 Rf3+ 48. Ke2 hxg4 49. hxg4 Rxb3 50. Re3 Rb2+ 51. Kd3 Kg7 52. Rh3 1/2-1/2

[Event "EU-ch Seniors 08th"]
[Site "Davos"]
[Date "2008.08.16"]
[Round "8"]
[White "Khropov, Boris"]
[Black "Hicker, Harald"]
[Result "1-0"]
[WhiteElo "2247"]
[BlackElo "2099"]
[PlyCount "81"]
[EventDate "2008.08.09"]
[EventType "swiss"]
[EventRounds "9"]
[EventCountry "SUI"]
[SourceTitle "CBM 126 Extra"]
[Source "ChessBase"]
[SourceDate "2008.11.05"]
[SourceVersion "1"]
[SourceVersionDate "2008.11.05"]
[SourceQuality "1"]

1. c4 c5 2. g3 g6 3. Bg2 Bg7 4. Nf3 Nc6 5. 0-0 d6 6. Nc3 Nf6 7. d4 cxd4 8. Nxd4 Nxd4 9. Qxd4 0-0 10. Qh4 a6 11. Bh6 Bxh6 12. Qxh6 Qc7 13. b3 Rb8 14. Rac1 Qc5 15. Nd5 Nxd5 16. cxd5 Qd4 17. Rc7 Qe5 18. e4 Rd8 19. Qe3 Bd7 20. Qb6 Bb5 21. Rxb7 Rxb7 22. Qxd8+ Kg7 23. Rd1 Qc3 24. h3 Qc2 25. Bf3 Qxa2 26. Qc8 Qxb3 27. Qxb7 Qxf3 28. Re1 Qc3 29. Re3 Qc1+ 30. Kh2 Qb2 31. Rf3 Qe5 32. Rf4 h5 33. h4 f6 34. Qb8 Bd3 35. Qb4 g5 36. hxg5 fxg5 37. Rf5 Qxe4 38. Rxg5+ Kh6 39. Qd2 Qe2 40. Qf4 Kh7 41. Qf7+ 1-0

[Event "St Petersburg June op"]
[Site "St Petersburg"]
[Date "2008.06.28"]
[Round "8"]
[White "Pochinkov, Andrey"]
[Black "Khropov, Boris"]
[Result "1/2-1/2"]
[WhiteElo "2136"]
[BlackElo "2247"]
[PlyCount "75"]
[EventDate "2008.06.21"]
[EventType "swiss"]
[EventRounds "9"]
[EventCountry "RUS"]
[SourceTitle "CBM 125 Extra"]
[Source "ChessBase"]
[SourceDate "2008.09.01"]
[SourceVersion "1"]
[SourceVersionDate "2008.09.01"]
[SourceQuality "1"]

1. Nf3 d5 2. d4 Nf6 3. e3 c6 4. Bd3 Bg4 5. Nbd2 Nbd7 6. b3 e5 7. dxe5 Nxe5 8. Be2 Bxf3 9. Nxf3 Bb4+ 10. Bd2 Nxf3+ 11. Bxf3 Qa5 12. Bxb4 Qxb4+ 13. Qd2 Qxd2+ 14. Kxd2 0-0-0 15. h4 Rhe8 16. g3 Re5 17. Rhf1 d4 18. exd4 Rxd4+ 19. Kc3 Rd8 20. Rad1 Rf5 21. Rxd8+ Kxd8 22. Rd1+ Kc7 23. Rd3 h5 24. Kd2 Nd7 25. Ke2 Ne5 26. Re3 Kd6 27. Bg2 Ng4 28. Rd3+ Kc7 29. Bf3 Re5+ 30. Kf1 Nf6 31. Rd2 a5 32. a3 Rc5 33. Re2 Rc3 34. Kg2 Kd6 35. Rd2+ Kc7 36. Re2 Kd6 37. Rd2+ Kc5 38. Re2 1/2-1/2

[Event "St Petersburg June op"]
[Site "St Petersburg"]
[Date "2008.06.24"]
[Round "4"]
[White "Kopasov, Alexander"]
[Black "Khropov, Boris"]
[Result "1/2-1/2"]
[WhiteElo "2041"]
[BlackElo "2247"]
[PlyCount "59"]
[EventDate "2008.06.21"]
[EventType "swiss"]
[EventRounds "9"]
[EventCountry "RUS"]
[SourceTitle "CBM 125 Extra"]
[Source "ChessBase"]
[SourceDate "2008.09.01"]
[SourceVersion "1"]
[SourceVersionDate "2008.09.01"]
[SourceQuality "1"]

1. d4 d5 2. c4 c6 3. Nf3 Nf6 4. e3 e6 5. Nc3 Be7 6. Bd3 0-0 7. 0-0 Nbd7 8. e4 dxe4 9. Nxe4 Nxe4 10. Bxe4 Nf6 11. Bd3 c5 12. dxc5 Bxc5 13. Bg5 Be7 14. Qc2 h6 15. Bh4 Qc7 16. Rfd1 Nh5 17. Bxe7 Qxe7 18. Qe2 Nf6 19. Be4 Qc7 20. Ne5 Rb8 21. Rd3 b6 22. Rad1 Bb7 23. Bxb7 Rxb7 24. b4 b5 25. cxb5 Rxb5 26. Nd7 Nxd7 27. Rxd7 Qb8 28. a3 a5 29. bxa5 Rxa5 30. Qf3 1/2-1/2

[Event "St Petersburg op"]
[Site "St Petersburg"]
[Date "2008.01.22"]
[Round "9"]
[White "Korchagina, Victoria"]
[Black "Khropov, Boris"]
[Result "1/2-1/2"]
[WhiteElo "2182"]
[BlackElo "2271"]
[PlyCount "33"]
[EventDate "2008.01.14"]
[EventType "swiss"]
[EventRounds "9"]
[EventCountry "RUS"]
[SourceTitle "EXT 2009"]
[Source "ChessBase"]
[SourceDate "2008.11.26"]
[SourceVersion "1"]
[SourceVersionDate "2008.11.26"]
[SourceQuality "1"]

1. e4 d6 2. d4 Nf6 3. Nc3 c6 4. Nf3 Bg4 5. Be2 Nbd7 6. 0-0 e5 7. Be3 Be7 8. h3 Bxf3 9. Bxf3 0-0 10. Ne2 d5 11. dxe5 Nxe5 12. Ng3 dxe4 13. Bxe4 Nxe4 14. Nxe4 Nc4 15. Bd4 Qd5 16. Nc3 Qd7 17. b3 1/2-1/2

[Event "St Petersburg op"]
[Site "St Petersburg"]
[Date "2008.01.15"]
[Round "2"]
[White "Lupik, Marina"]
[Black "Khropov, Boris"]
[Result "1-0"]
[WhiteElo "2222"]
[BlackElo "2271"]
[PlyCount "97"]
[EventDate "2008.01.14"]
[EventType "swiss"]
[EventRounds "9"]
[EventCountry "RUS"]
[SourceTitle "EXT 2009"]
[Source "ChessBase"]
[SourceDate "2008.11.26"]
[SourceVersion "1"]
[SourceVersionDate "2008.11.26"]
[SourceQuality "1"]

1. d4 d5 2. c4 dxc4 3. Nc3 a6 4. e3 e5 5. Bxc4 exd4 6. exd4 Nf6 7. Qb3 Qd7 8. Nf3 b5 9. Be2 Bd6 10. 0-0 0-0 11. Bg5 Qf5 12. Rad1 b4 13. Bd3 Qg4 14. h3 Qh5 15. Ne4 Nxe4 16. Bxe4 Be6 17. d5 Bd7 18. Bd2 a5 19. Qc2 h6 20. Rfe1 Na6 21. Nd4 Nc5 22. Bf5 Bxf5 23. Nxf5 Qg6 24. Be3 Nd7 25. Rc1 Nf6 26. Nxd6 Qxc2 27. Rxc2 cxd6 28. Bf4 Nxd5 29. Bxd6 Rfd8 30. Bg3 Rac8 31. Rd2 Nf6 32. Rde2 a4 33. Be5 Rc6 34. Bxf6 gxf6 35. Re8+ Rxe8 36. Rxe8+ Kg7 37. Re4 Rc1+ 38. Kh2 a3 39. bxa3 bxa3 40. Re3 Rc2 41. Rxa3 Rxf2 42. Kg3 Rf1 43. Ra8 f5 44. Ra4 Kg6 45. Rf4 Ra1 46. a4 Ra2 47. Rb4 Kg5 48. h4+ Kg6 49. Kf3 1-0

[Event "Belgrade Trophy 19th"]
[Site "Belgrade"]
[Date "2006.11.27"]
[Round "6"]
[White "Brenjo, Slavisa"]
[Black "Khropov, Boris"]
[Result "1-0"]
[WhiteElo "2492"]
[BlackElo "2277"]
[PlyCount "45"]
[EventDate "2006.11.22"]
[EventType "swiss"]
[EventRounds "9"]
[EventCountry "YUG"]
[SourceTitle "CBM 115 Extra"]
[Source "ChessBase"]
[SourceDate "2007.01.10"]
[SourceVersion "1"]
[SourceVersionDate "2007.01.10"]
[SourceQuality "1"]

1. e4 Nf6 2. e5 Nd5 3. d4 d6 4. Nf3 Bg4 5. Be2 e6 6. 0-0 Nc6 7. c4 Nb6 8. exd6 cxd6 9. d5 exd5 10. cxd5 Bxf3 11. gxf3 Ne5 12. Bb5+ Ned7 13. Re1+ Be7 14. Bg5 Nc8 15. Qa4 a6 16. Nc3 Rb8 17. Bc6 bxc6 18. dxc6 0-0 19. Bxe7 Nxe7 20. c7 Qxc7 21. Rxe7 Rxb2 22. Ne4 Nc5 23. Nf6+ 1-0

[Event "RUS-ch Seniors"]
[Site "Zvenigorod"]
[Date "2005.12.03"]
[Round "5"]
[White "Khropov, Boris"]
[Black "Loktiev, Ivan"]
[Result "1/2-1/2"]
[WhiteElo "2259"]
[BlackElo "2396"]
[PlyCount "87"]
[EventDate "2005.11.28"]
[EventType "swiss"]
[EventRounds "7"]
[EventCountry "RUS"]
[SourceTitle "EXT 2007"]
[Source "ChessBase"]
[SourceDate "2006.11.23"]
[SourceVersion "1"]
[SourceVersionDate "2006.11.23"]
[SourceQuality "1"]

1. Nf3 Nf6 2. g3 b6 3. Bg2 Bb7 4. 0-0 e6 5. c4 Be7 6. d4 0-0 7. Nc3 Ne4 8. d5 Nxc3 9. bxc3 Na6 10. Nd4 Nc5 11. Bf4 Bg5 12. Qd2 Bxf4 13. Qxf4 d6 14. Qd2 e5 15. Nb3 Nd7 16. e4 a5 17. a4 Qe7 18. Rfe1 Nf6 19. h3 Bc8 20. f4 Bd7 21. Nc1 Nh5 22. Qe3 Qe8 23. Qf3 g6 24. Nd3 Bxa4 25. fxe5 dxe5 26. g4 Ng7 27. Qf6 Bb3 28. Nxe5 Qd8 29. Qxd8 Rfxd8 30. Nc6 Bxc4 31. Nxd8 Rxd8 32. Bf1 Bxf1 33. Kxf1 Ne8 34. c4 Nd6 35. c5 Nc4 36. cxb6 cxb6 37. Ke2 f5 38. Rec1 b5 39. Rxc4 bxc4 40. Rxa5 Re8 41. gxf5 Rxe4+ 42. Kf3 gxf5 43. Ra4 Re5 44. Rxc4 1/2-1/2

[Event "RUS-ch Seniors"]
[Site "Zvenigorod"]
[Date "2005.12.01"]
[Round "4"]
[White "Khavsky, Sergey V"]
[Black "Khropov, Boris"]
[Result "1/2-1/2"]
[WhiteElo "2339"]
[BlackElo "2259"]
[PlyCount "20"]
[EventDate "2005.11.28"]
[EventType "swiss"]
[EventRounds "7"]
[EventCountry "RUS"]
[SourceTitle "EXT 2007"]
[Source "ChessBase"]
[SourceDate "2006.11.23"]
[SourceVersion "1"]
[SourceVersionDate "2006.11.23"]
[SourceQuality "1"]

1. Nf3 d5 2. d4 Nf6 3. Bf4 Bf5 4. e3 e6 5. Bd3 Bd6 6. Bxd6 Qxd6 7. 0-0 0-0 8. Ne5 Nbd7 9. Nxd7 Qxd7 10. c3 Rfe8 1/2-1/2

[Event "Chigorin Memorial 12th"]
[Site "St Petersburg"]
[Date "2004.10.24"]
[Round "9"]
[White "Danin, Alexandre"]
[Black "Khropov, Boris"]
[Result "1-0"]
[WhiteElo "2420"]
[BlackElo "2286"]
[PlyCount "55"]
[EventDate "2004.10.16"]
[EventType "swiss"]
[EventRounds "9"]
[EventCountry "RUS"]
[SourceTitle "EXT 2005"]
[Source "ChessBase"]
[SourceDate "2004.11.15"]
[SourceVersion "1"]
[SourceVersionDate "2004.11.15"]
[SourceQuality "1"]

1. e4 Nf6 2. Nc3 d6 3. d4 c6 4. a4 e5 5. Nf3 Qc7 6. h3 a5 7. Bc4 Be7 8. 0-0 0-0 9. Re1 h6 10. dxe5 dxe5 11. Nh4 Nh7 12. Qh5 Nf6 13. Qg6 Nd5 14. exd5 Bxh4 15. d6 Qb6 16. Ne4 Be6 17. Bxe6 fxe6 18. Bxh6 Rf7 19. g3 Bd8 20. Ra3 Qb4 21. Ree3 b5 22. Rf3 Raa7 23. Rxf7 Rxf7 24. Rf3 Qe1+ 25. Kg2 Rd7 26. Be3 Qb4 27. Qxe6+ Kh7 28. Qxe5 1-0

[Event "Chigorin Memorial 12th"]
[Site "St Petersburg"]
[Date "2004.10.23"]
[Round "8"]
[White "Khropov, Boris"]
[Black "Sadykov, Rustem"]
[Result "1/2-1/2"]
[WhiteElo "2286"]
[BlackElo "2408"]
[PlyCount "68"]
[EventDate "2004.10.16"]
[EventType "swiss"]
[EventRounds "9"]
[EventCountry "RUS"]
[SourceTitle "EXT 2005"]
[Source "ChessBase"]
[SourceDate "2004.11.15"]
[SourceVersion "1"]
[SourceVersionDate "2004.11.15"]
[SourceQuality "1"]

1. c4 Nf6 2. g3 c6 3. Bg2 d5 4. Qc2 e5 5. d3 Bd6 6. Bg5 Be6 7. Nf3 Nbd7 8. 0-0 0-0 9. Nbd2 h6 10. Bxf6 Nxf6 11. c5 Bc7 12. b4 a5 13. a3 Ng4 14. Qb2 Qd7 15. h3 Nf6 16. Nxe5 Bxe5 17. Qxe5 Bxh3 18. Nf3 Rae8 19. Qb2 Re7 20. Rfe1 Rfe8 21. Ra2 Bxg2 22. Kxg2 Ng4 23. Qc3 Ne5 24. Nd4 Qg4 25. f3 Qg6 26. e4 dxe4 27. dxe4 Rd7 28. Rd2 axb4 29. axb4 Red8 30. Red1 Qh5 31. Nb3 Rxd2+ 32. Rxd2 Rxd2+ 33. Nxd2 f6 34. Qd4 Kh7 1/2-1/2

[Event "Chigorin Memorial 12th"]
[Site "St Petersburg"]
[Date "2004.10.20"]
[Round "5"]
[White "Solozhenkin, Evgeniy"]
[Black "Khropov, Boris"]
[Result "1-0"]
[WhiteElo "2501"]
[BlackElo "2286"]
[PlyCount "133"]
[EventDate "2004.10.16"]
[EventType "swiss"]
[EventRounds "9"]
[EventCountry "RUS"]
[SourceTitle "EXT 2005"]
[Source "ChessBase"]
[SourceDate "2004.11.15"]
[SourceVersion "1"]
[SourceVersionDate "2004.11.15"]
[SourceQuality "1"]

1. d4 e6 2. c4 f5 3. g3 Nf6 4. Bg2 Be7 5. Nf3 0-0 6. 0-0 d6 7. Nc3 Qe8 8. b3 Kh8 9. Bb2 Bd8 10. Re1 d5 11. e3 c6 12. Ne2 Rg8 13. Ne5 g5 14. f3 Nbd7 15. Rc1 Rg7 16. Rc2 h5 17. Qd3 h4 18. gxh4 gxh4 19. Kh1 Nh5 20. c5 Be7 21. Bh3 Qf8 22. Rec1 Nxe5 23. dxe5 Bd7 24. f4 Qf7 25. Bd4 Rag8 26. Rg1 Kh7 27. Qc3 Bd8 28. Rcc1 Rxg1+ 29. Rxg1 Rxg1+ 30. Nxg1 Ng7 31. Bf1 Be8 32. Nf3 Kg8 33. Qe1 b5 34. Nxh4 Qh5 35. Ng2 Qf3 36. Be2 Qh3 37. a4 a6 38. axb5 axb5 39. Qd1 Qh6 40. Qa1 Be7 41. Qa8 Kh7 42. Qa7 Bh4 43. Kg1 Qg6 44. Bc3 Bd8 45. Qa8 Be7 46. Qa7 Qf7 47. Ba5 Qf8 48. b4 Kg6 49. Bc7 Qf7 50. Qa8 Bd7 51. Qh8 Qe8 52. Nh4+ Bxh4 53. Qxh4 Qa8 54. Ba5 Kf7 55. Kf2 Kg8 56. Qg5 Qe8 57. h4 Kh7 58. h5 Qf7 59. h6 Ne8 60. Bh5 Qf8 61. Qg6+ Kh8 62. Bd8 Qg8 63. Qg5 Kh7 64. Qxg8+ Kxg8 65. Bg6 Kf8 66. Kg3 Kg8 67. Kh4 1-0

[Event "Botvinnik Memorial-B 4th"]
[Site "Satka"]
[Date "2004.08.29"]
[Round "3"]
[White "Ivanets, Vladimir"]
[Black "Khropov, Boris"]
[Result "1/2-1/2"]
[WhiteElo "2272"]
[BlackElo "2286"]
[PlyCount "111"]
[EventDate "2004.08.27"]
[EventType "tourn"]
[EventRounds "11"]
[EventCountry "RUS"]
[SourceTitle "CBM 102 Extra"]
[Source "ChessBase"]
[SourceDate "2004.11.03"]
[SourceVersion "1"]
[SourceVersionDate "2004.11.03"]
[SourceQuality "1"]

1. e4 Nf6 2. Nc3 d6 3. f4 c5 4. Nf3 g6 5. Bb5+ Nc6 6. e5 Nh5 7. d4 a6 8. Be2 cxd4 9. Nxd4 dxe5 10. Nxc6 Qxd1+ 11. Bxd1 bxc6 12. fxe5 Ng7 13. Bf3 Bd7 14. Bh6 Ne6 15. Bxf8 Rxf8 16. 0-0-0 0-0-0 17. Ne4 Kc7 18. Rd3 Bc8 19. Rc3 Rd5 20. Rxc6+ Kxc6 21. Nc3 Nc7 22. Nxd5 Nxd5 23. c4 Be6 24. Rd1 Rd8 25. b4 h5 26. Kb2 Kc7 27. cxd5 Bg4 28. Rc1+ Kb6 29. Rc6+ Kb7 30. Rc5 Bxf3 31. gxf3 g5 32. h3 Rg8 33. Rc4 f5 34. exf6 exf6 35. d6 Rd8 36. Rc7+ Kb6 37. Rh7 Rxd6 38. Rxh5 Kb5 39. Kc3 Re6 40. f4 Re3+ 41. Kd4 Rg3 42. h4 Kxb4 43. hxg5 fxg5 44. Rxg5 Rf3 45. f5 Rf2 46. Ke5 Re2+ 47. Kd6 Rd2+ 48. Ke6 Rf2 49. Kd5 a5 50. Ke4 a4 51. Rg3 Rxa2 52. f6 Re2+ 53. Re3 Rf2 54. Rf3 Re2+ 55. Kd5 Re8 56. f7 1/2-1/2

[Event "Botvinnik Memorial-B 4th"]
[Site "Satka"]
[Date "2004.08.28"]
[Round "2"]
[White "Khropov, Boris"]
[Black "Liberzon, Roman"]
[Result "1-0"]
[WhiteElo "2286"]
[BlackElo "2233"]
[PlyCount "55"]
[EventDate "2004.08.27"]
[EventType "tourn"]
[EventRounds "11"]
[EventCountry "RUS"]
[SourceTitle "CBM 102 Extra"]
[Source "ChessBase"]
[SourceDate "2004.11.03"]
[SourceVersion "1"]
[SourceVersionDate "2004.11.03"]
[SourceQuality "1"]

1. c4 Nf6 2. g3 g6 3. Bg2 Bg7 4. Nf3 0-0 5. 0-0 d6 6. Nc3 e5 7. d3 Nc6 8. Rb1 Bf5 9. b4 Qd7 10. b5 Nd8 11. Re1 e4 12. Nh4 exd3 13. exd3 Bh3 14. Bh1 Ng4 15. Nd5 Ne6 16. Bb2 Nd4 17. Re4 c5 18. bxc6 bxc6 19. Ne7+ Kh8 20. Bxd4 Bxd4 21. Rxd4 Qxe7 22. Rxg4 Bxg4 23. Qxg4 Rab8 24. Rf1 c5 25. Bd5 Rb2 26. Nf3 Rxa2 27. Qf4 Rb8 28. Re1 1-0

[Event "Petrov Memorial op"]
[Site "St Petersburg"]
[Date "2000.02.10"]
[Round "4"]
[White "Bashkirov, Valentin"]
[Black "Khropov, Boris"]
[Result "0-1"]
[WhiteElo "2094"]
[BlackElo "2285"]
[PlyCount "132"]
[EventDate "2000.02.05"]
[EventType "swiss"]
[EventRounds "9"]
[EventCountry "RUS"]
[SourceTitle "CBM 076"]
[Source "ChessBase"]
[SourceDate "2000.05.31"]
[SourceVersion "1"]
[SourceVersionDate "2000.05.31"]
[SourceQuality "1"]

1. d4 Nf6 2. e3 d5 3. Bd3 c5 4. c3 Nc6 5. f4 g6 6. Nd2 cxd4 7. exd4 Bh6 8. Ndf3 0-0 9. Ne5 Bf5 10. Bxf5 gxf5 11. Nh3 e6 12. 0-0 Ne4 13. Qh5 Bg7 14. Ng5 Nf6 15. Qh4 h6 16. Ngf3 Ne4 17. Qxd8 Nxd8 18. Be3 f6 19. Nd3 Rc8 20. Rfc1 Rf7 21. Rc2 Rfc7 22. Rac1 Kf7 23. Bd2 Bf8 24. Be1 b6 25. Nd2 Nc6 26. Nf3 Na5 27. Nf2 Bd6 28. g3 Nc4 29. Nd1 b5 30. Bf2 a5 31. Ne1 h5 32. Nd3 Nb6 33. Ne3 Kg6 34. Kf1 h4 35. gxh4 Kh5 36. Bg3 Rg8 37. Rg2 Rcg7 38. Be1 Nc4 39. Rxg7 Nxe3+ 40. Ke2 Rxg7 41. Kxe3 Rg2 42. a4 bxa4 43. c4 dxc4 44. Rxc4 a3 45. bxa3 Bxa3 46. Nc5 Rxh2 47. Nxe6 Bd6 48. Ra4 Rh1 49. Ke2 Kg4 50. d5 Rh2+ 51. Kd3 Bxf4 52. Rxa5 Rh3+ 53. Kc4 Nd6+ 54. Kb4 Be5 55. Ra8 Rh1 56. Rg8+ Kf3 57. Bd2 Rxh4+ 58. Ka5 Nc4+ 59. Kb5 Nxd2 60. Kc6 Nc4 61. Ra8 Nd6 62. Nc5 Rc4 63. Ra3+ Ke2 64. Kb6 Bd4 65. Kc6 Bxc5 66. Ra2+ Ke3 0-1

[Event "Petrov Memorial op"]
[Site "St Petersburg"]
[Date "2000.02.09"]
[Round "3"]
[White "Khropov, Boris"]
[Black "Achang, Andrei"]
[Result "1/2-1/2"]
[WhiteElo "2285"]
[BlackElo "2332"]
[PlyCount "57"]
[EventDate "2000.02.05"]
[EventType "swiss"]
[EventRounds "9"]
[EventCountry "RUS"]
[SourceTitle "CBM 076"]
[Source "ChessBase"]
[SourceDate "2000.05.31"]
[SourceVersion "1"]
[SourceVersionDate "2000.05.31"]
[SourceQuality "1"]

1. e4 c6 2. d3 d5 3. Nd2 g6 4. Ngf3 Bg4 5. Be2 Bg7 6. 0-0 e6 7. c3 Ne7 8. Qb3 Qb6 9. Qa3 Nd7 10. h3 Bxf3 11. Nxf3 c5 12. exd5 exd5 13. d4 Nf5 14. dxc5 Qxc5 15. Qa4 a6 16. Re1 0-0-0 17. Bf4 Rhe8 18. Qxa6 Nb6 19. Qa7 Nd6 20. Nd4 Re4 21. b4 Qc7 22. Bg4+ f5 23. Rxe4 dxe4 24. Ne6 Qc6 25. Nxd8 Kxd8 26. Rd1 Nbc8 27. Be2 Ke7 28. Rxd6 Nxd6 29. Bxd6+ 1/2-1/2

[Event "Petrov Memorial op"]
[Site "St Petersburg"]
[Date "2000.02.08"]
[Round "2"]
[White "Kupreichik, Viktor D"]
[Black "Khropov, Boris"]
[Result "1-0"]
[WhiteElo "2480"]
[BlackElo "2285"]
[PlyCount "75"]
[EventDate "2000.02.05"]
[EventType "swiss"]
[EventRounds "9"]
[EventCountry "RUS"]
[SourceTitle "CBM 076"]
[Source "ChessBase"]
[SourceDate "2000.05.31"]
[SourceVersion "1"]
[SourceVersionDate "2000.05.31"]
[SourceQuality "1"]

1. e4 Nf6 2. e5 Nd5 3. d4 d6 4. f4 Nb6 5. Bd3 Nc6 6. c3 g6 7. Nf3 Bg7 8. 0-0 0-0 9. a4 a5 10. Na3 Bd7 11. Nb5 Kh8 12. Qe1 Bf5 13. Bxf5 gxf5 14. e6 fxe6 15. Ng5 Qd7 16. Qxe6 Qxe6 17. Nxe6 Rf6 18. Nexc7 Rc8 19. d5 Na7 20. Nxa7 Rxc7 21. Rd1 Rf7 22. Nb5 Rc8 23. b3 Kg8 24. Be3 Nd7 25. Rac1 Nc5 26. Bxc5 Rxc5 27. Kf2 Rf6 28. Rd3 Kf7 29. Re1 Rh6 30. h3 Bf6 31. c4 Rh4 32. Kf3 Rc8 33. Re6 Rh5 34. Rxd6 Rg8 35. Rb6 Bh4 36. g4 fxg4+ 37. hxg4 Bf2 38. Kxf2 1-0

[Event "Petrov Memorial op"]
[Site "St Petersburg"]
[Date "2000.02.07"]
[Round "1"]
[White "Khropov, Boris"]
[Black "Kochyev, Alexander"]
[Result "1/2-1/2"]
[WhiteElo "2285"]
[BlackElo "2429"]
[PlyCount "30"]
[EventDate "2000.02.05"]
[EventType "swiss"]
[EventRounds "9"]
[EventCountry "RUS"]
[SourceTitle "CBM 076"]
[Source "ChessBase"]
[SourceDate "2000.05.31"]
[SourceVersion "1"]
[SourceVersionDate "2000.05.31"]
[SourceQuality "1"]

1. d4 d5 2. c4 c6 3. Nc3 Nf6 4. Nf3 e6 5. Bg5 Be7 6. e3 0-0 7. Bxf6 Bxf6 8. cxd5 cxd5 9. Bd3 Nc6 10. 0-0 Bd7 11. Rc1 Qa5 12. Bb1 g6 13. h4 Rfc8 14. h5 Ne7 15. hxg6 hxg6 1/2-1/2

[Event "Moscow m"]
[Site "Moscow"]
[Date "1999.??.??"]
[Round "?"]
[White "Khropov, Boris"]
[Black "Krasnov, Sergey"]
[Result "1/2-1/2"]
[WhiteElo "2285"]
[BlackElo "2316"]
[PlyCount "53"]
[EventDate "1999.??.??"]
[EventType "team-tourn"]
[EventRounds "2"]
[EventCountry "RUS"]
[SourceTitle "EXT 2001"]
[Source "ChessBase"]
[SourceDate "2000.11.22"]
[SourceVersion "1"]
[SourceVersionDate "2000.11.22"]
[SourceQuality "1"]

1. c4 Nf6 2. g3 g6 3. Bg2 Bg7 4. Nf3 0-0 5. 0-0 d6 6. Nc3 e5 7. d3 Nc6 8. Rb1 a5 9. a3 h6 10. b4 axb4 11. axb4 Be6 12. b5 Nd4 13. Bb2 Nxf3+ 14. Bxf3 d5 15. cxd5 Nxd5 16. Qd2 f5 17. Bg2 Kh7 18. Rfc1 Rf7 19. Ra1 Rxa1 20. Rxa1 Rd7 21. Na4 b6 22. Qc2 h5 23. Qc6 Bf7 24. h4 Rd6 25. Qb7 Rd7 26. Qc6 Rd6 27. Qb7 1/2-1/2

[Event "Moscow m"]
[Site "Moscow"]
[Date "1999.??.??"]
[Round "?"]
[White "Krasnov, Sergey"]
[Black "Khropov, Boris"]
[Result "1-0"]
[WhiteElo "2316"]
[BlackElo "2285"]
[PlyCount "55"]
[EventDate "1999.??.??"]
[EventType "team-tourn"]
[EventRounds "2"]
[EventCountry "RUS"]
[SourceTitle "EXT 2001"]
[Source "ChessBase"]
[SourceDate "2000.11.22"]
[SourceVersion "1"]
[SourceVersionDate "2000.11.22"]
[SourceQuality "1"]

1. e4 Nf6 2. Nc3 d6 3. d4 c6 4. Nf3 Bg4 5. h3 Bh5 6. Bd3 e6 7. g4 Bg6 8. g5 Ng8 9. Nh4 e5 10. dxe5 dxe5 11. Qf3 Bb4 12. Bc4 Qe7 13. Bd2 Nd7 14. 0-0-0 Bxc3 15. Qxc3 Bxe4 16. Rhe1 Bg6 17. f4 0-0-0 18. Be3 f6 19. Bxa7 fxg5 20. Nxg6 hxg6 21. fxe5 Nh6 22. Rd6 Nf8 23. Qa5 Nf5 24. Bb6 Nxd6 25. exd6 Qxd6 26. Qa8+ Qb8 27. Qxb8+ Kxb8 28. Bxd8 1-0